Vista normal Vista MARC

Entrada Materia (personas)

Número de registros utilizados en: 1

001 - CONTROL NUMBER

  • control field: 83959

003 - CONTROL NUMBER IDENTIFIER

  • control field: Co-BoUCM

005 - DATE AND TIME OF LATEST TRANSACTION

  • control field: 20170208103015.0

008 - FIXED-LENGTH DATA ELEMENTS

  • fixed length control field: 170208|| aca||aabn | a|a d

040 ## - CATALOGING SOURCE

  • Original cataloging agency: Co-BoUCM
  • Transcribing agency: Co-BoUCM

100 ## - HEADING--PERSONAL NAME

  • Personal name: Pulgarín Silva, Raquel
  • Relator term: compilador

670 ## - SOURCE DATA FOUND

  • Source citation: Work cat.: (Co-BoUCM)305937: Expogeográfica Bogotá 2014 Educación Geográfica 1 83958, La geografía escondida en el Sistema Educativo Nacional, 2016